Plan Decenal de Descontaminación del Aire para Bogotá (Registro nro. 8706)

Detalles MARC
000 -CABECERA
Campo de control 00859nam a22002177a 4500
005 - FECHA Y HORA DE LA ULTIMA TRANSACCION
Campo de control 20140915120311.0
008 - ELEMENTOS DE LONGITUD FIJA—INFORMACION GENERAL
Campo de control 150914n ck ad gr o00010 spa d
020 ## - ISBN
ISBN 9789806810457
041 ## - IDIOMA
Código de idioma para texto/pista de sonido o título separado Español
044 ## - PAÍS DE PUBLICACIÓN
País de publicación Colombia
082 04 - NUMERO DE CLASIFICACION DECIMAL DEWEY
Número de clasificación 628.53
Número del ítem B67p
110 1# - ASIENTO PRINCIPAL--NOMBRE CORPORATIVO
Nombre corporativo o de jurisdicción como elemento de entrada Bogotá (Colombia).
Unidad subordinad Alcaldía Mayor
245 10 - MENCION DE TITULO
Título Plan Decenal de Descontaminación del Aire para Bogotá
Parte restante del título Gloria Maribel Torres Ramírez, editora
260 ## - PUBLICACION, DISTRIBUCION, ETC. (PIE DE IMPRENTA)
Lugar de publicación, distribución, etc. [Bogotá?]
Nombre del editor, distribuidor, etc. Alcaldia Mayor de Bogotá D.C.,
Fecha de publicación, distribución, etc. [fecha no identificada]
300 ## - DESCRIPCION FISICA
Extensión 323 p.
Otros detalles físicos il., gráficas ;
Dimensiones 30 cm.
504 ## - NOTA DE BIBLIOGRAFIA, ETC.
Nota de bibliografía Incluye referencias bibliográficas (pag. 291-294)
650 #4 - ASIENTO SECUNDARIO DE MATERIA - TERMINO TEMATICO
Término temático o nombre geográfico como elemento de entrada Contaminación del aire
Subdivisión geográfica Bogotá (Colombia)
650 #4 - ASIENTO SECUNDARIO DE MATERIA - TERMINO TEMATICO
Término temático o nombre geográfico como elemento de entrada Contaminación del aire
Subdivisión general Control
Subdivisión geográfica Bogotá (Colombia)
Subdivisión de forma Programas.
650 #4 - ASIENTO SECUNDARIO DE MATERIA - TERMINO TEMATICO
Término temático o nombre geográfico como elemento de entrada Control ambiental
Subdivisión geográfica Bogotá (Colombia)
942 ## - ELEMENTOS ADICIONALES (KOHA)
Sistema de clasificación Dewey Decimal Classification
Tipo de ítem Libro
Existencias
Withdrawn status Lost status Sistema de Clasificación Damaged status No para préstamo Colección Inventariado Ubicación Permanente Ubicación actual Fecha de adquisición Fuente de Valor Valor Total Checkouts Número topográfico Inventario / Código de Barras Date last seen Ejemplar Price effective from Forma de adquisición Tipo de material
    Dewey Decimal Classification     General Inventariado 2017 Bogotá Bogotá 15/09/2014 Instituto 39000.00   LB-628.53 B67p 038374 15/09/2014 Ej. 1 15/09/2014   Libro